Statistics for Every Team That Liverpool Beat In the UCL Final

Click here to take the quiz!

General Stats

  • This quiz has been taken 110 times
  • The average score is 4 of 6

Answer Stats

HintAnswer% Correct
2005AC Milan
96%
1981Real Madrid
92%
2019Tottenham Hotspur
91%
1984Roma
35%
1977Borussia Mönchengladbach
25%
1978Club Brugge
19%

Score Distribution

Percentile by Number Answered

Percent of People with Each Score

Your Score History

You have not taken this quiz